000 00670nam a2200265Ia 4500
005 20260121164956.0
008 008 260114s9999 xx 000 0 eng d
020 _a9781137438997
037 _aEBOOK
040 _aCRL
040 _beng
040 _cCRL
041 _2eng
041 _aeng
084 _qCRL
100 _aJulie Holledge, Jonathan Bollen, Frode Helland, Joanne Tompkins
_91045985
245 2 _aA Global Doll's House
260 _bSpringer
260 _bSpringer
260 _c2016
856 _uhttps://link.springer.com/openurl?genre=book&isbn=978-1-137-43899-7
942 _cEBOOK
999 _c1611708
_d1611708